[Event "YUG-chT"]
[Site "Tivat"]
[Date "1995.??.??"]
[Round "10"]
[White "Vujic Katanic, Branka"]
[Black "Ujhazi, Ivan"]
[Result "1/2-1/2"]
[WhiteElo "2145"]
[BlackElo "2285"]
[PlyCount "102"]
[EventDate "1995.??.??"]
[EventType "team-swiss"]
[EventRounds "11"]
[EventCountry "YUG"]
[SourceTitle "CBM 048 Extra"]
[Source "ChessBase"]
[SourceDate "1995.11.01"]
[SourceVersion "1"]
[SourceVersionDate "1995.11.01"]
[SourceQuality "1"]

1. Nf3 d5 2. c4 e6 3. g3 Nf6 4. Bg2 Be7 5. 0-0 0-0 6. d4 c5 7. cxd5 exd5 8. Nc3 Nc6 9. Be3 c4 10. Ne5 Be6 11. Nxc4 dxc4 12. d5 Bd7 13. dxc6 Bxc6 14. Bxc6 bxc6 15. Qa4 Qb8 16. Rab1 Ng4 17. Bf4 Bd6 18. Bxd6 Qxd6 19. Qxc4 Ne5 20. Qf4 Qe6 21. Rfd1 Rfe8 22. Rd4 Rad8 23. Rbd1 Rxd4 24. Rxd4 f6 25. Qd2 Qh3 26. Rh4 Qf5 27. Rd4 Qh3 28. f3 Qe6 29. b3 f5 30. Rd8 Rxd8 31. Qxd8+ Kf7 32. Qd4 Ke7 33. Nd1 Qd7 34. Qxd7+ Nxd7 35. Kf2 Ke6 36. Ke3 Ke5 37. Nc3 g5 38. f4+ gxf4+ 39. gxf4+ Kd6 40. Kd4 Nf6 41. e4 c5+ 42. Kd3 Ke6 43. h3 fxe4+ 44. Nxe4 Nd5 45. Ng5+ Kf5 46. Nxh7 Nb4+ 47. Kc4 Nxa2 48. Kxc5 Nc1 49. b4 Nd3+ 50. Kc4 Nxb4 51. Kxb4 Kxf4 1/2-1/2